All 10k+ cities in Pennsylvania on a Map - Statistics

General Stats
  • This quiz has been taken 289 times
  • The average score is 16 of 32
Answers on the Map
Answers color-coded by a green-red scale on the quiz's map according to % correct below.
 
Answer Stats
City Population % Correct
Philadelphia 1,603,797
96%
Pittsburgh 302,971
96%
Erie 94,831
93%
Harrisburg 50,135
93%
Allentown 125,845
88%
Scranton 76,328
88%
Lancaster 58,039
75%
Reading 95,112
70%
Wilkes-Barre 44,328
70%
York 44,800
70%
Altoona 43,963
69%
Bethlehem 75,781
66%
Chester 32,605
61%
Johnstown 18,411
50%
Williamsport 27,754
50%
Easton 28,127
46%
Lebanon 26,814
46%
Hazleton 29,963
40%
Butler 13,502
38%
New Castle 21,926
36%
McKeesport 17,727
30%
Washington 13,176
30%
Greensburg 14,976
26%
Pottsville 13,346
26%
Meadville 13,050
25%
Sharon 13,147
25%
Hermitage 16,230
20%
St. Marys 12,738
20%
Nanticoke 10,628
17%
Coatesville 13,350
14%
New Kensington 12,170
13%
Lower Burrell 11,758
7%
No matching quizzes found
Score Distribution
Percent of People with Each Score
Percentile by Number Answered
Your Score History
You have not taken this quiz